[Event "Barcelona Sant Marti op-B 17th"]
[Site "Barcelona"]
[Date "2015.07.16"]
[Round "4"]
[White "Gonzalez Alonso, Marti"]
[Black "Raisin, Maxime"]
[Result "0-1"]
[WhiteElo "1949"]
[BlackElo "1777"]
[PlyCount "124"]
[EventDate "2015.07.13"]
[EventType "swiss"]
[EventRounds "9"]
[EventCountry "ESP"]
[SourceTitle "EXT 2016"]
[Source "ChessBase"]
[SourceDate "2015.10.08"]
[SourceVersion "1"]
[SourceVersionDate "2015.10.08"]
[SourceQuality "1"]

1. e4 e6 2. d4 d5 3. exd5 exd5 4. Nf3 Nf6 5. Bd3 Bg4 6. 0-0 Be7 7. Bg5 Nc6 8. c3 Qd6 9. Nbd2 0-0-0 10. Re1 h6 11. Bh4 Rde8 12. Qc2 Kb8 13. Ne5 Be6 14. Bg3 Qd8 15. Bb5 Nxe5 16. Bxe8 Nxe8 17. Bxe5 Qd7 18. Nf3 f6 19. Bg3 g5 20. Re3 h5 21. Rae1 Ng7 22. Qg6 Bd8 23. h3 Bf5 24. Re7 Qxe7 25. Rxe7 Bxg6 26. Rxg7 Bf5 27. Rf7 Be4 28. Nd2 Bd3 29. f3 h4 30. Bf2 Kc8 31. Nb3 Rg8 32. Nc5 Bg6 33. Rd7 b6 34. Rxd5 bxc5 35. Rxc5 Re8 36. d5 Be7 37. Ra5 Bd6 38. Rxa7 Kd7 39. c4 Bg3 40. c5 Re2 41. Bxg3 hxg3 42. Kf1 Bd3 43. Ra3 Re3+ 44. Rxd3 Rxd3 45. d6 cxd6 46. cxd6 Kxd6 47. Ke2 Rd5 48. f4 gxf4 49. Kf3 Ke5 50. a4 Rd2 51. b4 Rd4 52. a5 Rxb4 53. h4 Ra4 54. Kg4 Rxa5 55. h5 Ra8 56. h6 Rh8 57. Kf3 Rxh6 58. Kg4 Rh2 59. Kf3 Kf5 60. Ke2 Ke4 61. Kf1 Ke3 62. Kg1 f5 0-1